The Philosophy of Auditing (Record no. 20432)
[ view plain ]
| 000 -LEADER | |
|---|---|
| fixed length control field | 00340nam a22001337a 4500 |
| 020 ## - INTERNATIONAL STANDARD BOOK NUMBER | |
| International Standard Book Number | 01453175 |
| 082 ## - DEWEY DECIMAL CLASSIFICATION NUMBER | |
| Classification number | 657.45 MAU |
| 100 ## - MAIN ENTRY--PERSONAL NAME | |
| Personal name | MAUTZ, R .K |
| 9 (RLIN) | 8166 |
| 245 ## - TITLE STATEMENT | |
| Title | The Philosophy of Auditing |
| 260 ## - PUBLICATION, DISTRIBUTION, ETC. | |
| Place of publication, distribution, etc. | Berkeley |
| Name of publisher, distributor, etc. | American Accounting Association |
| Date of publication, distribution, etc. | 1961 |
| 300 ## - PHYSICAL DESCRIPTION | |
| Extent | ix;248p |
| Other physical details | ill,22cm |
| 700 ## - ADDED ENTRY--PERSONAL NAME | |
| Personal name | Hussein A Sharaf |
| 9 (RLIN) | 8167 |
| 942 ## - ADDED ENTRY ELEMENTS (KOHA) | |
| Koha item type | Books |
| Withdrawn status | Lost status | Damaged status | Not for loan | Collection code | Home library | Current library | Shelving location | Date acquired | Source of acquisition | Total Checkouts | Full call number | Barcode | Date last seen | Price effective from | Koha item type |
|---|---|---|---|---|---|---|---|---|---|---|---|---|---|---|---|
| Non-fiction | IFM Main Campus Library | IFM Main Campus Library | Archival Collection | 09/29/2021 | purchases | 657.45 MAU | 0000004331 | 08/21/2019 | 02/19/2022 | Books |
